| 000 | 00375nam a2200145Ia 4500 | ||
|---|---|---|---|
| 008 | 150201s2008 xx 000 0 und d | ||
| 082 |
_a616.0757 _bU08C |
||
| 100 | _aCOLLEN, PETER W. | ||
| 245 | _aULTRASONOGRAPHY IN OBSTETRICS AND GYNAECOLOGY | ||
| 250 | _a5TH | ||
| 260 |
_bSANDERS _aDELHI _c2008 |
||
| 300 | _a1-1240 | ||
| 650 | _aRADIOLOGY & DIAGNOSIS | ||
| 942 |
_2ddc _cBK _01 |
||
| 999 |
_c273 _d273 |
||